<?xml version="1.0" encoding="UTF-8"?>
<record
    xmlns:xsi="http://www.w3.org/2001/XMLSchema-instance"
    xsi:schemaLocation="http://www.loc.gov/MARC21/slim http://www.loc.gov/standards/marcxml/schema/MARC21slim.xsd"
    xmlns="http://www.loc.gov/MARC21/slim">

  <leader>00885nam a22002177a 4500</leader>
  <controlfield tag="001">85621</controlfield>
  <controlfield tag="003">BD-RjUL</controlfield>
  <controlfield tag="005">20250902162104.0</controlfield>
  <controlfield tag="008">250902s1956    pk ||||| |||| 00| 0 urd d</controlfield>
  <datafield tag="035" ind1=" " ind2=" ">
    <subfield code="a">(BD-RjUL)85621</subfield>
  </datafield>
  <datafield tag="040" ind1=" " ind2=" ">
    <subfield code="a">BD-RjUL</subfield>
    <subfield code="b">eng</subfield>
    <subfield code="c">BD-RjUL</subfield>
  </datafield>
  <datafield tag="041" ind1=" " ind2=" ">
    <subfield code="a">urd</subfield>
  </datafield>
  <datafield tag="082" ind1=" " ind2=" ">
    <subfield code="2">23</subfield>
    <subfield code="a">891.55109</subfield>
    <subfield code="b">ASK 1956</subfield>
  </datafield>
  <datafield tag="100" ind1=" " ind2=" ">
    <subfield code="a">&#x627;&#x62B;&#x631;&#x60C;   &#x633;&#x64A;&#x62F; &#x627;&#x645;&#x62F;&#x627;&#x62F; &#x627;&#x645;&#x627;&#x645;  </subfield>
    <subfield code="9">16738</subfield>
  </datafield>
  <datafield tag="245" ind1=" " ind2=" ">
    <subfield code="a">&#x643;&#x627;&#x634;&#x641; &#x627;&#x644;&#x62D;&#x642;&#x627;&#x626;&#x642; &#x645;&#x639;&#x631;&#x648;&#x641; &#x628;&#x647; &#x628;&#x647;&#x627;&#x631;&#x633;&#x62A;&#x627;&#x646; &#x633;&#x62E;&#x646; / K&#x101;shif al-haq&#x101;&#x2BB;iq ma&#x2BB;r&#x16B;f bah, Bah&#x101;rist&#x101;n-i suk&#x332;h&#x332;un /</subfield>
    <subfield code="n">Authors:&#x633;&#x64A;&#x62F; &#x627;&#x645;&#x62F;&#x627;&#x62F; &#x627;&#x645;&#x627;&#x645; &#x627;&#x62B;&#x631; &#x61B; &#x645;&#x631;&#x62A;&#x628;&#x647; &#x648;&#x647;&#x627;&#x628; &#x627;&#x634;&#x631;&#x641;&#x649;., &#x627;&#x62B;&#x631;&#x60C; &#x633;&#x64A;&#x62F; &#x627;&#x645;&#x62F;&#x627;&#x62F; &#x627;&#x645;&#x627;&#x645;&#x60C;, b.. / Sayyid Imd&#x101;d Im&#x101;m As&#x332;ar ; murattabah, Vah&#x101;b Ashraf&#x12B;.</subfield>
  </datafield>
  <datafield tag="250" ind1=" " ind2=" ">
    <subfield code="a">2nd . ed.</subfield>
  </datafield>
  <datafield tag="260" ind1=" " ind2=" ">
    <subfield code="a">Lahore :</subfield>
    <subfield code="b">Maktubai maimul adab ,</subfield>
    <subfield code="c">1956</subfield>
  </datafield>
  <datafield tag="300" ind1=" " ind2=" ">
    <subfield code="a">420 p. ;</subfield>
    <subfield code="c">17 cm</subfield>
  </datafield>
  <datafield tag="700" ind1=" " ind2=" ">
    <subfield code="a">  &#x627;&#x634;&#x631;&#x641;&#x649;&#x60C; &#x648;&#x647;&#x627;&#x628;</subfield>
    <subfield code="d">1849,</subfield>
    <subfield code="9">16741</subfield>
  </datafield>
  <datafield tag="942" ind1=" " ind2=" ">
    <subfield code="2">ddc</subfield>
    <subfield code="c">BK</subfield>
  </datafield>
  <datafield tag="999" ind1=" " ind2=" ">
    <subfield code="c">85621</subfield>
    <subfield code="d">85621</subfield>
  </datafield>
  <datafield tag="952" ind1=" " ind2=" ">
    <subfield code="0">0</subfield>
    <subfield code="1">0</subfield>
    <subfield code="2">ddc</subfield>
    <subfield code="4">0</subfield>
    <subfield code="7">1</subfield>
    <subfield code="8">NFIC</subfield>
    <subfield code="a">RUCL</subfield>
    <subfield code="b">RUCL</subfield>
    <subfield code="c">Reading</subfield>
    <subfield code="d">2025-09-02</subfield>
    <subfield code="o">U 891.55109 ASK V-1 1956</subfield>
    <subfield code="r">2025-09-02 00:00:00</subfield>
    <subfield code="t">C-1</subfield>
    <subfield code="y">BK</subfield>
  </datafield>
</record>
